BYTTERM váš partner pre spokojné bývanie

Bibliographic Details
Format: Journal
Language:Slovak
Published: Žilina Bytterm, a.s. 2014-
Subjects:

MARC

LEADER 00000cas a2200000 a 4500
001 vtls010664358
003 SK-MaSNL
005 20260228161952.0
008 150330c20149999xo r|p 0 b0slo
040 |a SNK  |b slo  |c SNK  |e AACR2 
041 0 |a slo 
043 |a e-xo--- 
044 |a xo  |c SK 
072 7 |a 365  |x Požiadavky na bývanie a ich uspokojovanie  |2 konspekt 
072 7 |a 72  |x Architektúra  |2 konspekt 
072 7 |a 697  |x Vykurovanie, vetranie, klimatizácia  |2 konspekt 
080 |a 365  |2 2011 
080 |a 728.222  |2 2011 
080 |a 697.1/.7  |2 2011 
080 |a 050  |2 2011 
080 |a (051)-048.55  |2 2011 
080 |a (437.6)  |2 2011 
245 0 0 |a BYTTERM  |b váš partner pre spokojné bývanie 
260 |a Žilina  |b Bytterm, a.s.  |c 2014- 
300 |a zv.  |c 30 cm 
310 |a Občasník 
362 0 |a 2014- 
500 |a Evidenčné č.: EV 5067/14 
650 0 7 |a bývanie  |2 SNKPH  |9 1991 
650 0 7 |a bytové domy  |2 SNKPH  |9 31781 
650 0 7 |a vykurovanie  |2 SNKPH  |9 14779 
651 7 |a Žilina (Slovensko)  |2 SNKPHgeo  |9 28812 
655 7 |a špecializované časopisy  |2 SNKPH  |9 70509 
910 |a snk 
999 |c 6281  |d 8211 
952 |0 0  |1 0  |4 0  |7 0  |8 0  |a SNK  |b SNK  |d 2020-11-24  |i snk2020/20885  |l 0  |o snkČSB 7351/6/2019  |p 17A1432650  |r 2026-02-21 19:24:16  |t č. 1-2  |w 2026-02-21  |y PREZ 
952 |0 0  |1 0  |3 Spoločne zviazané r. 2014-2018  |4 0  |7 0  |8 0  |a SNK  |b SNK  |d 2019-11-06  |i snk2019/28459  |l 0  |o snkČSB 7351/2014  |p 17A1384557  |r 2026-02-21 22:07:57  |t č. 1-2  |w 2026-02-21  |y PREZ  |z Spoločne zviazané r. 2014-2018 
952 |0 0  |1 0  |3 Spoločne zviazané r. 2014-2018  |4 0  |7 0  |8 0  |a SNK  |b SNK  |d 2019-11-06  |i snk2019/28459  |l 0  |o snkČSB 7351/2015  |p 17A1384558  |r 2026-02-21 22:07:57  |t č. 1-2  |w 2026-02-21  |y PREZ  |z Spoločne zviazané r. 2014-2018 
952 |0 0  |1 0  |3 Spoločne zviazané r. 2014-2018  |4 0  |7 0  |8 0  |a SNK  |b SNK  |d 2019-11-06  |i snk2019/28459  |l 0  |o snkČSB 7351/2016  |p 17A1384559  |r 2026-02-21 22:07:57  |t č. 1-3  |w 2026-02-21  |y PREZ  |z Spoločne zviazané r. 2014-2018 
952 |0 0  |1 0  |3 Spoločne zviazané r. 2014-2018  |4 0  |7 0  |8 0  |a SNK  |b SNK  |d 2019-11-06  |i snk2019/28459  |l 0  |o snkČSB 7351/4/2017  |p 17A1384560  |r 2026-02-21 22:07:57  |t č. 1-2  |w 2026-02-21  |y PREZ  |z Spoločne zviazané r. 2014-2018 
952 |0 0  |1 0  |3 Spoločne zviazané r. 2014-2018  |4 0  |7 0  |8 0  |a SNK  |b SNK  |d 2019-11-06  |i snk2019/28459  |l 0  |o snkČSB 7351/5/2018  |p 17A1384561  |r 2026-02-21 22:07:57  |t č. 1-2  |w 2026-02-21  |y PREZ  |z Spoločne zviazané r. 2014-2018